|
|
|
|
| LEADER |
00630nab a2200181 i 4500 |
| 001 |
misc22775 |
| 005 |
20191108150420.0 |
| 008 |
170720s1915 hu o 0|| zxx d |
| 040 |
|
|
|a SZTE Miscellanea Repozitórium
|b hun
|
| 041 |
|
|
|a zxx
|
| 100 |
1 |
|
|a Jancsó Miklós
|
| 245 |
1 |
2 |
|a A paroxysmalis haemoglobinuriánál létrejövő haemolysisre vonatkozó vizsgálatok
|h [elektronikus dokumentum] /
|c Jancsó Miklós
|
| 260 |
|
|
|c 1915
|
| 300 |
|
|
|a 1-46
|
| 490 |
0 |
|
|a Kolligátum
|
| 695 |
|
|
|a Hematológia, Vér - betegségek
|
| 700 |
0 |
1 |
|a Csiki Mihály
|e aut
|
| 856 |
4 |
0 |
|u http://misc.bibl.u-szeged.hu/22775/1/22627_001-046.pdf
|z Dokumentum-elérés
|